<?xml version="1.0" encoding="UTF-8"?>
<record
    xmlns:xsi="http://www.w3.org/2001/XMLSchema-instance"
    xsi:schemaLocation="http://www.loc.gov/MARC21/slim http://www.loc.gov/standards/marcxml/schema/MARC21slim.xsd"
    xmlns="http://www.loc.gov/MARC21/slim">

  <leader>00975nam a22001817a 4500</leader>
  <controlfield tag="005">20210414114134.0</controlfield>
  <controlfield tag="008">120830t        xxu||||| |||| 00| 0 eng d</controlfield>
  <datafield tag="020" ind1=" " ind2=" ">
    <subfield code="a">0072366877</subfield>
  </datafield>
  <datafield tag="050" ind1=" " ind2=" ">
    <subfield code="a">TS155.S334</subfield>
  </datafield>
  <datafield tag="100" ind1=" " ind2=" ">
    <subfield code="a">Schroeder, Roger G.</subfield>
  </datafield>
  <datafield tag="245" ind1=" " ind2=" ">
    <subfield code="a">Operations management : contemporary concepts. /</subfield>
    <subfield code="c">Roger G. Schroeder.</subfield>
  </datafield>
  <datafield tag="260" ind1=" " ind2=" ">
    <subfield code="a">Boston :</subfield>
    <subfield code="b">McGraw-Hill,</subfield>
    <subfield code="c">2000.</subfield>
  </datafield>
  <datafield tag="300" ind1=" " ind2=" ">
    <subfield code="a">xxi, 385 + various pagings : </subfield>
    <subfield code="b">ill. ; </subfield>
    <subfield code="c">26 cm. </subfield>
  </datafield>
  <datafield tag="500" ind1=" " ind2=" ">
    <subfield code="a">Includes index.</subfield>
  </datafield>
  <datafield tag="505" ind1=" " ind2=" ">
    <subfield code="a">Contents: The Operations function : Operations strategy - Product design -- Process selection -- Service process design -- Choice of technology -- Process-flow analysis -- Managing quality -- Quality control and improvement -- Supply chain management -- Forecasting -- Facilities and aggregate planning -- Scheduling operations -- Projects scheduling -- Independent-demand inventory -- Materials requirement planning -- Just-in-time systems.</subfield>
  </datafield>
  <datafield tag="650" ind1=" " ind2=" ">
    <subfield code="a">Production management. </subfield>
  </datafield>
  <datafield tag="942" ind1=" " ind2=" ">
    <subfield code="2">lcc</subfield>
    <subfield code="c">BK</subfield>
  </datafield>
  <datafield tag="999" ind1=" " ind2=" ">
    <subfield code="c">2247</subfield>
    <subfield code="d">9747</subfield>
  </datafield>
  <datafield tag="952" ind1=" " ind2=" ">
    <subfield code="0">0</subfield>
    <subfield code="1">0</subfield>
    <subfield code="2">lcc</subfield>
    <subfield code="4">0</subfield>
    <subfield code="7">0</subfield>
    <subfield code="a">WIUC-1</subfield>
    <subfield code="b">WIUC-1</subfield>
    <subfield code="c">GEN</subfield>
    <subfield code="d">2012-08-30</subfield>
    <subfield code="l">0</subfield>
    <subfield code="o">TS155.S334</subfield>
    <subfield code="p">5946/12</subfield>
    <subfield code="r">2012-08-30 00:00:00</subfield>
    <subfield code="t">1</subfield>
    <subfield code="w">2012-08-30</subfield>
    <subfield code="y">BK</subfield>
  </datafield>
  <datafield tag="952" ind1=" " ind2=" ">
    <subfield code="0">0</subfield>
    <subfield code="1">0</subfield>
    <subfield code="2">lcc</subfield>
    <subfield code="4">0</subfield>
    <subfield code="7">0</subfield>
    <subfield code="a">WIUC-1</subfield>
    <subfield code="b">WIUC-1</subfield>
    <subfield code="c">GEN</subfield>
    <subfield code="d">2012-09-10</subfield>
    <subfield code="l">0</subfield>
    <subfield code="o">TS155.S3341</subfield>
    <subfield code="p">5947/12</subfield>
    <subfield code="r">2012-09-10 00:00:00</subfield>
    <subfield code="t">2</subfield>
    <subfield code="w">2012-09-10</subfield>
    <subfield code="y">BK</subfield>
  </datafield>
</record>
